La PDDH informa (primera parte)

Se mencionan los objetivos que persigue la Procuraduría para la Defensa de los Derechos Humanos (PDDH), se indica que la institución quiere alcanzar desde la perspectiva de las víctimas desea logar el cese de los actos arbitrarios por la rectificación de las propias dependencias del Estado, esto lle...

Volledige beschrijving

Bewaard in:
Bibliografische gegevens
Formaat: Texto
Onderwerpen:
Tags: Voeg label toe
Geen labels, Wees de eerste die dit record labelt!

MARC

LEADER 00000 a a2200000 04500
001 6136
003
040
245 |a La PDDH informa (primera parte)  
520 |a Se mencionan los objetivos que persigue la Procuraduría para la Defensa de los Derechos Humanos (PDDH), se indica que la institución quiere alcanzar desde la perspectiva de las víctimas desea logar el cese de los actos arbitrarios por la rectificación de las propias dependencias del Estado, esto lleva a que los habitantes confíen en la legalidad y obtengan respuesta a sus problemas. Por otra parte se indica que el Informe de la PDDH, además de reflexionar sobre el tema desde la pespectiva de la construcción de un asociedad democrática, se incluye tanto una síntesis de la sdenuncias recibidas a lo largo del año y los respectivos espacios específicos apra el tratamiento de los derechos individuales y los derechos económicos y sociales. Luego se abordan sistuaciones concretas ue afectan el repeto a la dignidad de grupos deteminados de la población o de la población entera. Por la importancia de la temática se resume el contenido del informe y se realizan una serie de comentarios sobre el tema de las violaciones de los derechos humanos en El Salvador. LOB/LOB  
650 |a DERECHOS HUMANOS  
650 |a VIOLENCIA  
650 |a CONDICIONES DE VIDA  
650 |a SISTEMAS POLITICOS  
650 |a ESTADO  
650 |a MILITARISMO  
650 |a ESTADO  
773 |g volumen 17, número 758; páginas 10-12  
999 |c 23016  |d 23016